<?xml version="1.0" encoding="UTF-8"?>
<record
    xmlns:xsi="http://www.w3.org/2001/XMLSchema-instance"
    xsi:schemaLocation="http://www.loc.gov/MARC21/slim http://www.loc.gov/standards/marcxml/schema/MARC21slim.xsd"
    xmlns="http://www.loc.gov/MARC21/slim">

  <leader>02910nas a22003017a 4500</leader>
  <controlfield tag="003">NALT</controlfield>
  <controlfield tag="005">20231220135123.0</controlfield>
  <controlfield tag="006">a|||p|r|||| 00| 0 </controlfield>
  <controlfield tag="007">ta</controlfield>
  <controlfield tag="008">231220b        th |||p| |||| 00| 0 tha d</controlfield>
  <datafield tag="040" ind1=" " ind2=" ">
    <subfield code="a">NALT</subfield>
  </datafield>
  <datafield tag="041" ind1=" " ind2=" ">
    <subfield code="a">tha</subfield>
  </datafield>
  <datafield tag="245" ind1="0" ind2="0">
    <subfield code="a">&#xE08;&#xE38;&#xE2C;&#xE32;&#xE25;&#xE07;&#xE01;&#xE23;&#xE13;&#xE4C; &#xE23;&#xE35;&#xE27;&#xE34;&#xE27; &#xE1B;&#xE35;&#xE17;&#xE35;&#xE48; 20 &#xE09;&#xE1A;&#xE31;&#xE1A;&#xE17;&#xE35;&#xE48; 78-79 (&#xE21;.&#xE04;.-&#xE21;&#xE34;.&#xE22;. 2551)</subfield>
  </datafield>
  <datafield tag="260" ind1=" " ind2=" ">
    <subfield code="a">&#xE42;&#xE23;&#xE07;&#xE1E;&#xE34;&#xE21;&#xE1E;&#xE4C;&#xE41;&#xE2B;&#xE48;&#xE07;&#xE08;&#xE38;&#xE2C;&#xE32;&#xE25;&#xE07;&#xE01;&#xE23;&#xE13;&#xE4C;&#xE21;&#xE2B;&#xE32;&#xE27;&#xE34;&#xE17;&#xE22;&#xE32;&#xE25;&#xE31;&#xE22;</subfield>
  </datafield>
  <datafield tag="310" ind1=" " ind2=" ">
    <subfield code="a">&#xE23;&#xE32;&#xE22; 3 &#xE40;&#xE14;&#xE37;&#xE2D;&#xE19;</subfield>
  </datafield>
  <datafield tag="500" ind1=" " ind2=" ">
    <subfield code="a">&#xE27;&#xE32;&#xE23;&#xE2A;&#xE32;&#xE23;&#xE40;&#xE22;&#xE47;&#xE1A;&#xE40;&#xE25;&#xE48;&#xE21;</subfield>
  </datafield>
  <datafield tag="505" ind1="2" ind2=" ">
    <subfield code="a">&#xE1B;&#xE35;&#xE17;&#xE35;&#xE48; 20 &#xE09;&#xE1A;&#xE31;&#xE1A;&#xE17;&#xE35;&#xE48; 78 &#xE21;.&#xE04;.-&#xE21;&#xE35;.&#xE04;. 2551 -- &#xE42;&#xE2D;&#xE01;&#xE32;&#xE2A;&#xE17;&#xE32;&#xE07;&#xE01;&#xE32;&#xE23;&#xE15;&#xE25;&#xE32;&#xE14;&#xE02;&#xE2D;&#xE07;&#xE1C;&#xE25;&#xE34;&#xE15;&#xE20;&#xE31;&#xE13;&#xE11;&#xE4C;&#xE19;&#xE21;&#xE41;&#xE1B;&#xE23;&#xE23;&#xE39;&#xE1B;&#xE02;&#xE2D;&#xE07;&#xE44;&#xE17;&#xE22; -- &#xE01;&#xE32;&#xE23;&#xE1A;&#xE23;&#xE34;&#xE2B;&#xE32;&#xE23;&#xE19;&#xE27;&#xE31;&#xE15;&#xE01;&#xE23;&#xE23;&#xE21;&#xE40;&#xE1E;&#xE37;&#xE48;&#xE2D;&#xE01;&#xE32;&#xE23;&#xE1E;&#xE31;&#xE12;&#xE19;&#xE32;&#xE43;&#xE19;
&#xE2D;&#xE07;&#xE04;&#xE4C;&#xE01;&#xE32;&#xE23;&#xE20;&#xE32;&#xE04;&#xE23;&#xE31;&#xE10; -- &#xE04;&#xE27;&#xE32;&#xE21;&#xE2A;&#xE31;&#xE21;&#xE1E;&#xE31;&#xE19;&#xE18;&#xE4C;&#xE23;&#xE30;&#xE2B;&#xE27;&#xE48;&#xE32;&#xE07;&#xE19;&#xE31;&#xE22;&#xE2A;&#xE32;&#xE23;&#xE30;&#xE04;&#xE27;&#xE32;&#xE21;&#xE40;&#xE2B;&#xE47;&#xE19;&#xE02;&#xE2D;&#xE07;&#xE1C;&#xE39;&#xE49;&#xE2A;&#xE2D;&#xE1A;&#xE1A;&#xE31;&#xE0D;&#xE0A;&#xE35;&#xE41;&#xE25;&#xE30;&#xE01;&#xE32;&#xE23;&#xE40;&#xE1B;&#xE25;&#xE35;&#xE48;&#xE22;&#xE19;&#xE41;&#xE1B;&#xE25;&#xE07;&#xE2A;&#xE33;&#xE19;&#xE31;&#xE01;&#xE07;&#xE32;&#xE19;&#xE2A;&#xE2D;&#xE1A;&#xE1A;&#xE31;&#xE0D;&#xE0A;&#xE35;&#xE01;&#xE31;&#xE1A;&#xE01;&#xE32;&#xE23;&#xE2A;&#xE23;&#xE49;&#xE32;&#xE07;&#xE01;&#xE33;&#xE44;&#xE23;&#xE02;&#xE2D;&#xE07;
&#xE01;&#xE34;&#xE08;&#xE01;&#xE32;&#xE23; -- Applying a Buddhist Lesson to Learning Organization and Knowledge Management -- The Readiness and
Needs for E-Commerce of SMEs in Chiang Mai Province, Thailand.  </subfield>
  </datafield>
  <datafield tag="505" ind1="2" ind2=" ">
    <subfield code="a">&#xE1B;&#xE35;&#xE17;&#xE35;&#xE48; 20 &#xE09;&#xE1A;&#xE31;&#xE1A;&#xE17;&#xE35;&#xE48; 79 &#xE40;&#xE21;.&#xE22;.-&#xE21;&#xE34;.&#xE22;. 2551 -- Corporate Social Responsibility &#xE01;&#xE31;&#xE1A;&#xE40;&#xE1A;&#xE37;&#xE49;&#xE2D;&#xE07;&#xE25;&#xE36;&#xE01;&#xE41;&#xE2B;&#xE48;&#xE07;&#xE01;&#xE32;&#xE23;&#xE1B;&#xE23;&#xE30;&#xE22;&#xE38;&#xE01;&#xE15;&#xE4C;&#xE17;&#xE32;&#xE07;&#xE18;&#xE38;&#xE23;&#xE01;&#xE34;&#xE08; -- CSI &#xE21;&#xE32;&#xE15;&#xE23;&#xE01;&#xE32;&#xE23;
&#xE01;&#xE32;&#xE23;&#xE04;&#xE49;&#xE32;&#xE17;&#xE35;&#xE48;&#xE21;&#xE35;&#xE1C;&#xE25;&#xE15;&#xE48;&#xE2D;&#xE01;&#xE32;&#xE23;&#xE02;&#xE19;&#xE2A;&#xE48;&#xE07;&#xE2A;&#xE34;&#xE19;&#xE04;&#xE49;&#xE32;&#xE15;&#xE39;&#xE49;&#xE04;&#xE2D;&#xE19;&#xE40;&#xE17;&#xE19;&#xE40;&#xE19;&#xE2D;&#xE23;&#xE4C;&#xE02;&#xE2D;&#xE07;&#xE44;&#xE17;&#xE22; -- &#xE01;&#xE32;&#xE23;&#xE2A;&#xE23;&#xE23;&#xE2B;&#xE32;&#xE17;&#xE23;&#xE31;&#xE1E;&#xE22;&#xE32;&#xE01;&#xE23;&#xE21;&#xE19;&#xE38;&#xE29;&#xE22;&#xE4C;&#xE02;&#xE2D;&#xE07;&#xE1A;&#xE23;&#xE34;&#xE29;&#xE31;&#xE17;&#xE0D;&#xE35;&#xE48;&#xE1B;&#xE38;&#xE48;&#xE19;&#xE43;&#xE19;&#xE1B;&#xE23;&#xE30;&#xE40;&#xE17;&#xE28;&#xE44;&#xE17;&#xE22; &#xE01;&#xE32;&#xE23;&#xE27;&#xE34;&#xE40;&#xE04;&#xE23;&#xE32;&#xE30;&#xE2B;&#xE4C;
&#xE23;&#xE30;&#xE1A;&#xE1A;&#xE01;&#xE32;&#xE23;&#xE2A;&#xE23;&#xE23;&#xE2B;&#xE32;&#xE1E;&#xE19;&#xE31;&#xE01;&#xE07;&#xE32;&#xE19; -- &#xE42;&#xE04;&#xE23;&#xE07;&#xE02;&#xE48;&#xE32;&#xE22;&#xE1B;&#xE23;&#xE30;&#xE2A;&#xE32;&#xE17;&#xE40;&#xE17;&#xE35;&#xE22;&#xE21;&#xE01;&#xE31;&#xE1A;&#xE01;&#xE32;&#xE23;&#xE1E;&#xE34;&#xE08;&#xE32;&#xE23;&#xE13;&#xE32;&#xE23;&#xE31;&#xE1A;&#xE1B;&#xE23;&#xE30;&#xE01;&#xE31;&#xE19;&#xE20;&#xE31;&#xE22;&#xE2D;&#xE38;&#xE1A;&#xE31;&#xE15;&#xE34;&#xE40;&#xE2B;&#xE15;&#xE38;&#xE2A;&#xE48;&#xE27;&#xE19;&#xE1A;&#xE38;&#xE04;&#xE04;&#xE25; -- Development of 
E-payments and Challenges for Central Banks: Thailand's Recent Experience and International Comparison.</subfield>
  </datafield>
  <datafield tag="650" ind1=" " ind2="0">
    <subfield code="9">19739</subfield>
    <subfield code="a">&#xE01;&#xE32;&#xE23;&#xE02;&#xE19;&#xE2A;&#xE48;&#xE07;&#xE2A;&#xE34;&#xE19;&#xE04;&#xE49;&#xE32;</subfield>
  </datafield>
  <datafield tag="650" ind1=" " ind2="0">
    <subfield code="9">5457</subfield>
    <subfield code="a">&#xE01;&#xE32;&#xE23;&#xE2A;&#xE23;&#xE23;&#xE2B;&#xE32;&#xE1A;&#xE38;&#xE04;&#xE25;&#xE32;&#xE01;&#xE23;</subfield>
  </datafield>
  <datafield tag="650" ind1=" " ind2="0">
    <subfield code="9">43623</subfield>
    <subfield code="a">&#xE19;&#xE27;&#xE31;&#xE15;&#xE01;&#xE23;&#xE23;&#xE21;</subfield>
  </datafield>
  <datafield tag="850" ind1=" " ind2=" ">
    <subfield code="a">NALT</subfield>
  </datafield>
  <datafield tag="866" ind1=" " ind2=" ">
    <subfield code="a">&#xE1B;&#xE35;&#xE17;&#xE35;&#xE48; 20 &#xE09;&#xE1A;&#xE31;&#xE1A;&#xE17;&#xE35;&#xE48; 78 (&#xE21;.&#xE04;.-&#xE21;&#xE35;.&#xE04;. 2551)</subfield>
  </datafield>
  <datafield tag="866" ind1=" " ind2=" ">
    <subfield code="a">&#xE1B;&#xE35;&#xE17;&#xE35;&#xE48; 20 &#xE09;&#xE1A;&#xE31;&#xE1A;&#xE17;&#xE35;&#xE48; 79 (&#xE40;&#xE21;.&#xE22;.-&#xE21;&#xE34;.&#xE22;. 2551)</subfield>
  </datafield>
  <datafield tag="942" ind1=" " ind2=" ">
    <subfield code="c">BOUND</subfield>
  </datafield>
  <datafield tag="996" ind1=" " ind2=" ">
    <subfield code="a">aroonthip.c</subfield>
    <subfield code="b">LIBSTF</subfield>
    <subfield code="c">2023-12-20</subfield>
  </datafield>
  <datafield tag="999" ind1=" " ind2=" ">
    <subfield code="c">104045</subfield>
    <subfield code="d">104045</subfield>
  </datafield>
  <datafield tag="998" ind1=" " ind2=" ">
    <subfield code="h">179</subfield>
    <subfield code="j">179</subfield>
    <subfield code="k"> &#xE19;&#xE32;&#xE07;&#xE2A;&#xE32;&#xE27;&#xE2D;&#xE23;&#xE38;&#xE13;&#xE17;&#xE34;&#xE1E;&#xE22;&#xE4C;  &#xE08;&#xE31;&#xE19;&#xE17;&#xE23;&#xE4C;&#xE14;&#xE34;&#xE29;&#xE10;&#xE4C;</subfield>
  </datafield>
  <datafield tag="952" ind1=" " ind2=" ">
    <subfield code="0">0</subfield>
    <subfield code="1">0</subfield>
    <subfield code="2">lcc</subfield>
    <subfield code="4">0</subfield>
    <subfield code="7">0</subfield>
    <subfield code="8">CPERBD</subfield>
    <subfield code="a">NALT</subfield>
    <subfield code="b">NALT</subfield>
    <subfield code="c">JNR</subfield>
    <subfield code="d">2024-01-03</subfield>
    <subfield code="p">2900009738</subfield>
    <subfield code="r">2024-01-03 00:00:00</subfield>
    <subfield code="w">2024-01-03</subfield>
    <subfield code="y">BOUND</subfield>
  </datafield>
</record>
